Biuletyn Statystyczny (Record no. 6629)
[ view plain ]
| 000 -LEADER | |
|---|---|
| fixed length control field | 00902nam a22002057i 4500 |
| 001 - CONTROL NUMBER | |
| control field | 7823 |
| 003 - CONTROL NUMBER IDENTIFIER | |
| control field | OSt |
| 005 - DATE AND TIME OF LATEST TRANSACTION | |
| control field | 20170126082404.0 |
| 007 - PHYSICAL DESCRIPTION FIXED FIELD--GENERAL INFORMATION | |
| fixed length control field | tu |
| 008 - FIXED-LENGTH DATA ELEMENTS--GENERAL INFORMATION | |
| fixed length control field | 161220s xxu||||| |||| 00| 0 d |
| 024 7# - OTHER STANDARD IDENTIFIER | |
| Standard number or code | 7823 |
| Source of number or code | RID |
| 040 ## - CATALOGING SOURCE | |
| Transcribing agency | OSt |
| 110 2# - MAIN ENTRY--CORPORATE NAME | |
| Corporate name or jurisdiction name as entry element | Central Statistical Office |
| 245 00 - TITLE STATEMENT | |
| Title | Biuletyn Statystyczny |
| Remainder of title | Statistical Bulletin of Poland |
| 260 ## - PUBLICATION, DISTRIBUTION, ETC. | |
| Place of publication, distribution, etc. | Poland. |
| 490 ## - SERIES STATEMENT | |
| Series statement | Statistical Bulletin of Poland |
| 651 ## - SUBJECT ADDED ENTRY--GEOGRAPHIC NAME | |
| Geographic name | Poland |
| 866 #0 - TEXTUAL HOLDINGS--BASIC BIBLIOGRAPHIC UNIT | |
| -- | 1991/2-2012 |
| 866 #0 - TEXTUAL HOLDINGS--BASIC BIBLIOGRAPHIC UNIT | |
| -- | <br><br><br>vorhanden:<br>1991/ Nr.2 und Nr.6<br>1992/ Nr.7 und Nr.12<br>1993/ Nr.2 und Nr.8<br>1994/ Nr.1, Nr.6 und Nr.12<br>1995/ Nr.1 und Nr.6<br>1996/ Nr.2 und Nr.12<br>1997/ Nr.7<br>1998/ Nr.2 und Nr.6<br>1999/ Nr.2 und Nr.6<br>2000/ Nr.1 und Nr.6<br>2001/ Nr.1<br>2002/ von Nr.1 bis Nr.12<br>2003/ von Nr.1 bis Nr.12<br>2004/ von Nr.1 bis Nr.12<br>2005/ von Nr.1 bis Nr.6 und von Nr.11 bis Nr.12<br>2006/ von Nr.1 bis Nr.12 |
| 942 ## - ADDED ENTRY ELEMENTS (KOHA) | |
| Koha item type | Statistics |
No items available.
